Guess the State: National Memorials Quiz Stats

 Plays Quiz not verified by Sporcle

Challenge
Share
Tweet
Embed
Score 0/30 Timer 10:00
0 Plays Today
Memorial State or Territory % Correct
Arkansas PostArkansas
95.8%
Arlington House, The Robert E. Lee MemorialVirginia
93.8%
Flight 93Pennsylvania
89.6%
Lincoln MemorialDistrict of Columbia
87.5%
Mount RushmoreSouth Dakota
87.5%
Thomas Jefferson MemorialDistrict of Columbia
87.5%
Vietnam Veterans MemorialDistrict of Columbia
87.5%
Washington MonumentDistrict of Columbia
87.5%
Lyndon Baines Johnson Memorial Grove on the PotomacDistrict of Columbia
85.4%
World War I MemorialDistrict of Columbia
85.4%
World War II MemorialDistrict of Columbia
85.4%
Wright BrothersNorth Carolina
85.4%
Martin Luther King, Jr. MemorialDistrict of Columbia
83.3%
Franklin Delano Roosevelt MemorialDistrict of Columbia
81.3%
Korean War VeteransDistrict of Columbia
81.3%
Memorial State or Territory % Correct
Jefferson National Expansion MemorialIllinois & Missouri
79.2%
Lincoln BoyhoodIndiana
75%
Theodore Roosevelt IslandDistrict of Columbia
75%
CoronadoArizona
72.9%
De SotoFlorida
72.9%
Johnstown FloodPennsylvania
68.8%
Perry's Victory and International Peace MemorialOhio
68.8%
Roger WilliamsRhode Island
68.8%
ChamizalTexas
66.7%
Federal HallNew York
66.7%
General GrantNew York
64.6%
Hamilton GrangeNew York
60.4%
Thaddeus KosciuszkoPennsylvania
60.4%
Fort CarolineFlorida
54.2%
Port Chicago Naval MagazineCalifornia
52.1%

You're not logged in!

Compare scores with friends on all Sporcle quizzes.
OR
Log In

You Might Also Like...

Show Comments

Extras

Top Quizzes Today


Score Distribution

Your Account Isn't Verified!

In order to create a playlist on Sporcle, you need to verify the email address you used during registration. Go to your Sporcle Settings to finish the process.

Report this User

Report this user for behavior that violates our Community Guidelines.

Details: